000 00969nam a22002417a 4500
999 _c10387
_d10387
003 AR-CdUCM
008 190401b ||||| |||| 00| 0 spa d
040 _aMUNICIPALIDAD PROVINCIAL DEL CUSCO
_cBIBLIOTECA MUNICIPAL DEL CUSCO
041 _hfre
082 _a129.41 /
_bB45 / 1928
100 _aBergson, Henri
_927205
245 _aLa energía espiritual :
_bensayos y conferencias /
260 _aMadrid :
_bDaniel Jorro,
_c1928.
300 _a324 páginas ;
_c18 cm.
440 _aBiblioteca Científica - Filosófica.
_927206
505 _aContenido: La conciencia y la vida -- El alma y el cuerpo -- Fantasmas de vivos e investigación psíquica -- El ensueño -- El recuerdo del presente y el falso reconocimiento -- El esfuerzo intelectual ...
650 _aPsicología
_91538
650 _aParalelismo psicofísico
_927207
650 _aFilosofía
_9395
700 _aOvejero y Maury, Eduardo (traducción)
_927208
942 _2ddc
_cLIBROS
945 _aachl